Statistics for Select All...

Click here to take the quiz!

General Stats

  • This quiz has been taken 14 times
    (11 since last reset)
  • The average score is 53 of 90

Answer Stats

QuestionTileSelect% Correct
Animated TV characters (in their own show, not including animated appearances of live-action TV characters in other animated shows)Homer SimpsonYes
100%
Animated TV characters (in their own show, not including animated appearances of live-action TV characters in other animated shows)Philip FryYes
100%
Citrus fruitsAppleNo
86%
Citrus fruitsBananaNo
86%
Citrus fruitsCherryNo
86%
Citrus fruitsCucumberNo
86%
Megacities (metro area)DenverNo
86%
Animated TV characters (in their own show, not including animated appearances of live-action TV characters in other animated shows)Dipper PinesYes
86%
Moons of JupiterEuropaYes
86%
Canadian & Chinese provincesGuangdongYes
86%
Moons of JupiterIoYes
86%
Citrus fruitsLemonYes
86%
Citrus fruitsLimeYes
86%
Megacities (metro area)Mexico CityYes
86%
Megacities (metro area)MoscowYes
86%
Citrus fruitsPeachNo
86%
Animated TV characters (in their own show, not including animated appearances of live-action TV characters in other animated shows)Peggy HillYes
86%
Citrus fruitsTangerineYes
86%
Megacities (metro area)TashkentNo
86%
Sub-Saharan & South American countriesArgentinaYes
71%
Characters from the movie Home AloneBuzz McCallisterYes
71%
Animated TV characters (in their own show, not including animated appearances of live-action TV characters in other animated shows)Claire DunphyNo
71%
Megacities (metro area)DhakaYes
71%
Moons of JupiterGanymedeYes
71%
Animated TV characters (in their own show, not including animated appearances of live-action TV characters in other animated shows)George CostanzaNo
71%
Animated TV characters (in their own show, not including animated appearances of live-action TV characters in other animated shows)Jake PeraltaNo
71%
Canadian & Chinese provincesManitobaYes
71%
Animated TV characters (in their own show, not including animated appearances of live-action TV characters in other animated shows)Niles CraneNo
71%
Moons of JupiterNixNo
71%
Canadian & Chinese provincesPrince Erick IslandNo
71%
Citrus fruitsTomatoNo
71%
Characters from the movie Home AloneAce VenturaNo
57%
Sub-Saharan & South American countriesAlgeriaNo
57%
Characters from the movie Home AloneAustin PowersNo
57%
Fully electric vehicle models (no hybrids)BMW i4Yes
57%
Fully electric vehicle models (no hybrids)BMW X1No
57%
Moons of JupiterCallistoYes
57%
Moons of JupiterCharonNo
57%
Moons of JupiterDeimosNo
57%
Megacities (metro area)DublinNo
57%
Fully electric vehicle models (no hybrids)Ford Mustang Mach-EYes
57%
Fully electric vehicle models (no hybrids)GMC YukonNo
57%
Sub-Saharan & South American countriesGuyanaYes
57%
Canadian & Chinese provincesHebeiYes
57%
Cities that were sites of terrorist attacksHo Chi Minh CityNo
57%
Ex-Soviet countriesLatviaYes
57%
Characters from the movie Home AloneMarv MurchinsYes
57%
Sub-Saharan & South American countriesNamibiaYes
57%
Cities that were sites of terrorist attacksPanama CityNo
57%
Canadian & Chinese provincesPaotungNo
57%
Cities that were sites of terrorist attacksParisYes
57%
Moons of JupiterPhobosNo
57%
Characters from the movie Home AloneRichard KimbleNo
57%
Megacities (metro area)San FranciscoNo
57%
Canadian & Chinese provincesTorontoNo
57%
Sub-Saharan & South American countriesTrinidad and TobagoNo
57%
Cities that were sites of terrorist attacksWashington D.C.Yes
57%
Cities that were sites of terrorist attacksXi'anNo
57%
Ex-Soviet countriesArmeniaYes
43%
Cities that were sites of terrorist attacksBostonYes
43%
Megacities (metro area)ChennaiYes
43%
Cities that were sites of terrorist attacksCheonanNo
43%
Ex-Soviet countriesChinaNo
43%
Canadian & Chinese provincesDiletongNo
43%
Sub-Saharan & South American countriesEquatorial GuineaYes
43%
Fully electric vehicle models (no hybrids)Ford F250No
43%
Fully electric vehicle models (no hybrids)Land Rover DiscoveryNo
43%
Ex-Soviet countriesLaosNo
43%
Cities that were sites of terrorist attacksMadridYes
43%
Characters from the movie Home AloneMitch MurphyYes
43%
Ex-Soviet countriesMoldovaYes
43%
Sub-Saharan & South American countriesMozambiqueYes
43%
Megacities (metro area)NagoyaYes
43%
Sub-Saharan & South American countriesNicaraguaNo
43%
Fully electric vehicle models (no hybrids)Nissan LeafYes
43%
Animated TV characters (in their own show, not including animated appearances of live-action TV characters in other animated shows)Norm PetersonNo
43%
Ex-Soviet countriesNorth KoreaNo
43%
Sub-Saharan & South American countriesPanamaNo
43%
Ex-Soviet countriesSan MarinoNo
43%
Ex-Soviet countriesSwitzerlandNo
43%
Ex-Soviet countriesTajikistanYes
43%
Fully electric vehicle models (no hybrids)Toyota HighlanderNo
43%
Canadian & Chinese provincesXidonghuaNo
43%
Fully electric vehicle models (no hybrids)Audi Q2No
29%
Characters from the movie Home AloneCullen CrispNo
29%
Characters from the movie Home AloneGus PolinskiYes
29%
Characters from the movie Home AloneHarry LimeYes
29%
Cities that were sites of terrorist attacksLondonYes
29%
Canadian & Chinese provincesNunavutNo
29%
Moons of JupiterTitanNo
29%

Score Distribution

Percentile by Number Answered

Percent of People with Each Score

Your Score History

You have not taken this quiz since the last reset